drop dead - Olivia Rodrigo (All Lyrics) - Statistics

General Stats
  • This quiz has been taken 34 times
  • The average score is 353 of 395
Answer Stats
Lyrics % Correct
a
100%
an
100%
And
100%
and
100%
angel
100%
drop
100%
I
100%
in
100%
internet
100%
Like
100%
like
100%
Like,
100%
me
100%
might
100%
of
100%
on
100%
stalked
100%
the
100%
The
100%
to
100%
you
100%
You
100%
bed
95%
been
95%
beer
95%
bored
95%
'Cause
95%
dead
95%
'Cause
95%
ever
95%
finish
95%
had
95%
he
95%
hope
95%
I've
95%
kiss
95%
Kiss
95%
know
95%
night
95%
one
95%
One
95%
that
95%
then
95%
walls
95%
was
95%
we
95%
alive
89%
all
89%
All
89%
always
89%
at
89%
bathroom
89%
But
89%
It's
89%
Oh,
89%
feminine
89%
go
89%
have
89%
Heaven"
89%
I'd
89%
intuition
89%
it
89%
It's
89%
"Just
89%
just
89%
most
89%
never
89%
Oh,
89%
standin'
89%
think
89%
this
89%
up
89%
us
89%
Versailles
89%
vision
89%
words
89%
11
84%
bar
84%
closes
84%
here
84%
if
84%
If
84%
line
84%
lookin'
84%
pressed
84%
Pressed
84%
real
84%
right
84%
standing
84%
why
84%
you're
84%
You're,
84%
feel
79%
forever
79%
Gemini
79%
I'm
79%
Japan?
79%
love
79%
so,
79%
so
79%
stay
79%
throw
79%
together
79%
chewing
74%
Eurostar
74%
France?
74%
got
74%
gum
74%
gut
74%
nice
74%
Now
74%
Or
74%
paranoid
74%
Pisces
74%
pretty,
74%
really
74%
wrote
74%
boy
68%
can
68%
let
68%
my
68%
punch
68%
them
68%
Well,
68%
bunch
63%
Clothes
63%
damn
63%
hand,
63%
home
63%
made
63%
out
63%
slow
63%
stuff
63%
taken
63%
walked
63%
could
58%
how
58%
Left
58%
make-
58%
maybe
58%
Yeah,
58%
goddamn
53%
held
53%
hints
53%
hook,
53%
Let's
53%
let's
53%
off
53%
promise,
53%
droppin'
47%
ground
47%
makeout
47%
world
47%
fall
42%
tell
42%
whole
42%
steady,
37%
No matching quizzes found
Score Distribution
Percent of People with Each Score
Percentile by Number Answered
Your Score History
You have not taken this quiz